Historia crítica del asesinato cometido en la persona del Gran Mariscal de Ayacucho

Tallennettuna:
Bibliografiset tiedot
Päätekijä: Irisarri, Antonio José de (Tekijä)
Aineistotyyppi: Kirja
Kieli:espanja
Julkaistu: Bogotá Imprenta de José A. Cualla 1846
Painos:1a. ed
Aiheet:
Tagit: Lisää tagi
Ei tageja, Lisää ensimmäinen tagi!

MARC

LEADER 00000nam a2200000 a 4500
001 UCJ4267
003 CL-VaPUC
005 20220519074600.0
008 070124e18460000CK |||||||||||||||||spa|d
999 |c 320384  |d 320382 
040 |c Pontificia Universidad Católica de Valparaíso 
082 0 4 |a 923  |b SUC  |2 21 
100 |a Irisarri, Antonio José de  |e author  |9 857956 
245 1 0 |a Historia crítica del asesinato cometido en la persona del Gran Mariscal de Ayacucho 
250 |a 1a. ed 
260 |a Bogotá  |b Imprenta de José A. Cualla  |c 1846 
300 |a 367, lxxx p 
500 |a Apéndice documental muy copioso 
583 |a last modification  |c 20070124 00:00:00  |k Rodrigo Vera 
600 0 7 |a SUCRE, ANTONIO JOSE DE  |2 CL-VaPUC  |9 352075 
650 7 |a CRIMENES POLITICOS  |2 CL-VaPUC  |9 319844 
650 0 |a Independencia de américa  |9 447064 
650 7 |a BIOGRAFIA  |2 CL-VaPUC  |9 504622 
650 7 |a DOCUMENTOS  |2 CL-VaPUC  |9 366450 
650 0 |a Crítica  |9 373015 
651 0 |a Colombia  |9 256424 
651 0 |a Ecuador  |9 258378 
852 |a BIBCUR 
942 |c BK  |2 ddc 
945 |d 20070124 00:00:00  |a rinostro 
952 |0 0  |1 0  |4 0  |6 923_000000000000000_SUC_1846  |7 0  |8 X  |9 398895  |a FDOBUD  |b FDOBUD  |d 2019-11-22  |i 1015885  |o 923 SUC 1846  |p 1015885  |r 2019-11-22  |w 2019-11-22  |y BK_X  |k BUD 
952 |0 0  |1 0  |4 0  |6 923_000000000000000_SUC_1846  |7 0  |8 X  |9 398896  |a FDOBUD  |b FDOBUD  |d 2019-11-22  |i 101644K  |o 923 SUC 1846  |p 101644K  |r 2019-11-22  |w 2019-11-22  |y BK_X  |k BUD 
952 |0 0  |1 0  |4 0  |6 923_000000000000000_SUC_1846  |7 0  |8 X  |9 398897  |a FDOBUD  |b FDOBUD  |d 2019-11-22  |i 1016520  |o 923 SUC 1846  |p 1016520  |r 2019-11-22  |w 2019-11-22  |y BK_X  |k BUD